| 000 | 00729nam a22001577a 4500 | ||
|---|---|---|---|
| 003 | OSt | ||
| 005 | 20151130142940.0 | ||
| 008 | 151130b xxu||||| |||| 00| 0 eng d | ||
| 040 | _cRUA | ||
| 082 | _aFIS SAN 1999 B169 Or.1 | ||
| 100 |
_94027 _aSAN, THY. |
||
| 245 | _aThe effect of water sprinking and manual stirring on yiel and quality of duckweed in shade and light condition, ឥទ្ធិពលនៃការសាចទឹក និងការកូរដោយដៃទៅលើទិន្នផលនិងគុណភាពចកបាយទាក្នុងលក្ខខ័ណ្ឌម្លប់ និងពន្លឺ | ||
| 260 |
_aPhnom Penh _bRUA _c1999 |
||
| 300 |
_a41p. _bill. _c29cm. |
||
| 942 |
_2ddc _cFIS |
||
| 999 |
_c3746 _d3746 |
||